Die Geschichte des [paragraph sign]175 : Strafrecht gegen Homosexuelle : Katalog zur Ausstellung in Berlin und in Frankfurt am Main 1990 /

-д хадгалсан:
Номзүйн дэлгэрэнгүй
Байгууллагын зохиогч: Freunde eines schwulen museums in Berlin (Зохиогч)
Формат: Ном
Хэл сонгох:герман
Хэвлэсэн: Berlin : Verlag Rosa Winkel, c1990
Шошгууд: Шошго нэмэх
Шошго байхгүй, Энэхүү баримтыг шошголох эхний хүн болох!

MARC

LEADER 00000nam a22000007i 4500
001 IT\ICCU\UBO\3545024
003 ItRI
005 20260115231842.0
008 081217s1990 gw |||||| ||||| |||||c
020 |a 3921495466 
040 |b ita  |c importazione bologna sebina 
041 7 |a ger  |2 ISO-639-2 
110 2 |a Freunde eines schwulen museums in Berlin  |0 IT\ICCU\UBOV\297398  |4 aut 
245 0 0 |a Die Geschichte des [paragraph sign]175 :  |b Strafrecht gegen Homosexuelle : Katalog zur Ausstellung in Berlin und in Frankfurt am Main 1990 /  |c Freunde eines schwulen museums in Berlin mit Emanzipation. 
260 |a Berlin :  |b Verlag Rosa Winkel,  |c c1990 
300 |a 175 p. :  |b ill. ;  |c 21 cm 
500 |a Catalog of exhibitions held 1990 in Berlin and Frankfurt am Main. 
942 |2 ddc  |c BK  |n 0 
952 |0 0  |1 0  |4 0  |6 DOC_306_766000000000000_FRE  |7 0  |9 14295  |a BO  |b BO  |d 2026-01-15  |i 2542  |l 0  |o DOC 306.766 FRE  |p BO2542  |r 2026-01-15 23:18:42  |w 2026-01-15  |x [Sebina 5] [1 v.]  |y BK  |z 1 v. 
999 |c 12333  |d 12333